000 00641nam a2200181Ia 4500
008 100921s9999 xx 000 0 und d
082 _b34682
_a891.463 न 02
100 _aसावंत वि.कृ.
245 _aत्ेाजस्विनी.
260 _bमधुश्री प्रकाशन, पुणे.
_c2002
300 _a176
_bजयेश एजन्सी,पुणे.
365 _b160
520 _aललित-कादंबरी.
630 _aत्ेाजस्विनी.
650 _aललित-कादंबरी.
730 _aत्ेाजस्विनी.
942 _cBOOK
999 _c783795
_d783792